000 00339 a2200157 4500
001 61778
020 _a9788526265585
040 _cAnchieta - Pituba
100 _aCervantes Saavedra, Miguel de
240 1 0 _aDom Quixote
_lpor
245 1 0 _aDom Quixote
300 _a176
362 0 _a2007
650 4 _aFicção espanhola
942 _cBK
999 _c61778
_d61778